| 000 | 00808nam a2200193Ia 4500 | ||
|---|---|---|---|
| 008 | 151121s9999||||xx |||||||||||||| ||und|| | ||
| 082 | _a811/ढसाळ | ||
| 082 | _bHNW-78957 | ||
| 100 | _aढसाळ नामदेव | ||
| 245 | _aआ। इ। एक अपरिहार्य पात्र:प्रियदर्शिनी | ||
| 260 | _b"प्रभात प्रकाशन, मुंबई।" | ||
| 260 | _c-- | ||
| 300 | _a44 | ||
| 600 | _aढसाळ नामदेव | ||
| 630 | _aआ। इ। एक अपरिहार्य पात्र:प्रियदर्शिनी | ||
| 700 | _aढसाळ नामदेव | ||
| 730 | _aआ। इ। एक अपरिहार्य पात्र:प्रियदर्शिनी | ||
| 942 | _cBOOK | ||
| 999 |
_c1260360 _d1260357 |
||